000 00949nas a2200325 4500
001 BR2012009041
003 BR-BrBNA
005 20231205121552.0
007 ta
008 230509b bl.|||p| |||| 00| 00por d
040 _aBR-BrBNA
_bpor
_cBiblioteca Nacional de Agricultura
041 _a(Pt)
072 _aL73; L70
100 1 _aRamadinha, R.R.
100 1 _aReis, R.K.
100 1 _aCampos, S.G.
100 1 _aRibeiro, S.S.
100 1 _aPeixoto, P.V.
245 1 _aLufenuron no tratamento da dermatofitose em gatos?
246 1 _aTreatment of dermatophytosis in cats with lufenuron?
650 _aGATO
650 _aDOENÇA ANIMAL
650 _aDERMATOFITOSE
650 _aFUNGO
650 _aTRATAMENTO
650 _aMEDICAMENTO
773 0 _tPesquisa Veterinária Brasileira (Brazil)
_xISSN 0100-736X
_g(Feb 2010), v. 30(2) p. 132-138
_wBR2012009041
909 _a202311
_bLúcia
_c55
_dLúcia Elande
942 _2AGRIS
_n0
_cANA
999 _c224164
_d224164